Leading virtual teams : (Record no. 22424)
[ view plain ]
| 000 -LEADER | |
|---|---|
| fixed length control field | 00915nam a2200205 a 4500 |
| 005 - DATE AND TIME OF LATEST TRANSACTION | |
| control field | 20140310183407.0 |
| 008 - FIXED-LENGTH DATA ELEMENTS--GENERAL INFORMATION | |
| fixed length control field | 121018s19uu xx 00 eng d |
| 020 ## - INTERNATIONAL STANDARD BOOK NUMBER | |
| International Standard Book Number | 9781422128862 |
| 050 ## - LIBRARY OF CONGRESS CALL NUMBER | |
| Classification number | HD 66 |
| Item number | .L438 2010 |
| 245 ## - TITLE STATEMENT | |
| Title | Leading virtual teams : |
| Remainder of title | expert solutions to everyday challenges / |
| 260 ## - PUBLICATION, DISTRIBUTION, ETC. (IMPRINT) | |
| Place of publication, distribution, etc | Boston, Mass. ; London : |
| Name of publisher, distributor, etc | Harvard Business ; McGraw-Hill, |
| Date of publication, distribution, etc | 2010. |
| 300 ## - PHYSICAL DESCRIPTION | |
| Extent | 81 p. : |
| Other physical details | ill. ; |
| Dimensions | 18 cm. |
| 440 ## - SERIES STATEMENT/ADDED ENTRY--TITLE | |
| Title | Pocket mentor series |
| 500 ## - GENERAL NOTE | |
| General note | Includes bibliographical references. |
| 520 ## - SUMMARY, ETC. | |
| Summary, etc | How do you lead a team scattered across the globe? How do you keep members you can't see organized, communicative, and productive? This book offers advice on forming virtual teams, assessing their communication and technology needs, and ensuring that they produce high-quality work. |
| 521 ## - TARGET AUDIENCE NOTE | |
| Target audience note | |
| 650 ## - SUBJECT ADDED ENTRY--TOPICAL TERM | |
| Topical term or geographic name as entry element | Virtual work teams |
| General subdivision | Management |
| 942 ## - ADDED ENTRY ELEMENTS (KOHA) | |
| Koha item type | Books |
| Source of classification or shelving scheme | Library of Congress Classification |
| Call number prefix | Foreign |
| Withdrawn status | Lost status | Source of classification or shelving scheme | Damaged status | Home library | Current library | Shelving location | Date acquired | Total Checkouts | Total Renewals | Full call number | Barcode | Date last seen | Date checked out | Copy number | Price effective from | Koha item type |
|---|---|---|---|---|---|---|---|---|---|---|---|---|---|---|---|---|
| Library of Congress Classification | College Library | College Library | General Circulation Section | 10/18/2012 | 1 | 2 | HD 66 .L438 2010 | C16399 | 12/01/2020 | 07/29/2020 | 1 | 10/10/2013 | Books |